| 000 | 00508nam a2200181 a 4500 | ||
|---|---|---|---|
| 005 | 20140310183332.0 | ||
| 008 | 060825s19uu xx 00 eng d | ||
| 020 | _a0131711296 | ||
| 050 |
_aQA 76.9.A25 _b.Ea325 2006 |
||
| 100 | _aEasttom, Chuck | ||
| 245 |
_aComputer security fundamentals / _cChuck Easttom. |
||
| 260 |
_aNew Jersey : _bPearson Prentice Hall, _c2006. |
||
| 300 |
_a344 p. : _bill. ; _c23 cm. |
||
| 521 | _aIT | ||
| 650 | _aComputer security. | ||
| 942 |
_cBK _2lcc _kFOR |
||
| 999 |
_c21585 _d21585 |
||